000
00268nam a2200097Ia 4500
001
683254
005
20250826161434.0
008
250824s9999 xx 000 0 und d
245
0
_a
YA BEN İSTANBULU ALACAĞIM YADA İSTANBUL BENİ
_c
AYLA ABAK
260
_b
EVEREST YAYINLARI
999
_c
683254
_d
683254